000 01099nam0a22002771 4500
001 rc\4948545
005 20130426162554.8
035 _a(NLR Aleph) 008856765
090 _a8435480
_c8435480
100 _a20130426d1958 |||y0rusy50 ca
101 0 _arus
102 _aRU
105 _ay z |||||
200 1 _aФинансово-экономический бюллетень по работе пароходства за 1 квартал 1958 года
_fМ-во мор. флота СССР. Среднеазиатское гос. пароходство
210 _aЧарджоу
_cБ. и.
_d1958
215 _a32 с.
_d20
300 _aВ конце текста сост.: Попов, В.А. и Орский, А.Ф.
333 _aДля служебного пользования
702 1 _aПопов
_bВ. А.
_4220
702 1 _aОрский
_bА. Ф.
_4220
710 0 2 _aСреднеазиатское пароходство
_cЧарджоу
_3RU\NLR\AUTH\8810065365
801 0 _aRU
_bNLR
_gpsbo
801 1 _aRU
_bELAR
_2rusmarc
852 _aNLR
_j58-4/13545
942 _cBOOK
980 _aNB